00609nam a2200157 i 450000100060000000300090000600500170001500700030003200800410003511000280007624501790010426000500028330000320033361000650036585200210043027069ES-MaACL20230906153544.0t|030113s1968 sp f |||| | spa d1 aMadrid. bAyuntamiento 10aConferencias leídas en los días 2 a 16 y 23 de mayo, con motivo de la conmemoración del cincuentenario de la Hemeroteca Municipal (1918-1968) /cAyuntamiento de Madrid. aMadrid : bArtes Gráf. Municipales, c1968. a126 p., 8 lám. ; c22 cm.24aHemeroteca Municipal de Madrid-vAniversarios y centenarios. aES-MaACLjE-6317